|
|
|
|
| LEADER |
01536nam a22004094a 4500 |
| 001 |
EBC470125 |
| 003 |
MiAaPQ |
| 005 |
20200520144314.0 |
| 006 |
m o d | |
| 007 |
cr cn||||||||| |
| 008 |
071018s2007 enkab sb 001 0 eng |
| 010 |
|
|
|z 2007042797
|
| 015 |
|
|
|a GBA718540
|2 bnb
|
| 016 |
7 |
|
|z 013689076
|2 Uk
|
| 020 |
|
|
|z 9780470029626
|
| 020 |
|
|
|z 0470029625
|
| 035 |
|
|
|a (MiAaPQ)EBC470125
|
| 035 |
|
|
|a (Au-PeEL)EBL470125
|
| 035 |
|
|
|a (CaPaEBR)ebr10300926
|
| 035 |
|
|
|a (CaONFJC)MIL234291
|
| 035 |
|
|
|a (OCoLC)608624309
|
| 040 |
|
|
|a MiAaPQ
|c MiAaPQ
|d MiAaPQ
|
| 050 |
|
4 |
|a HD9502.A2
|b B876 2007
|
| 100 |
1 |
|
|a Burger, Markus.
|
| 245 |
1 |
0 |
|a Managing energy risk
|h [electronic resource] :
|b an integrated view on power and other energy markets /
|c Markus Burger, Bernhard Graeber, Gero Schindlmayr.
|
| 260 |
|
|
|a Chichester, England ;
|a Hoboken, NJ :
|b John Wiley & Sons,
|c c2007.
|
| 300 |
|
|
|a xiv, 302 p. :
|b ill., maps.
|
| 490 |
1 |
|
|a Wiley finance series
|
| 504 |
|
|
|a Includes bibliographical references (p. [291]-294) and index.
|
| 533 |
|
|
|a Electronic reproduction. Ann Arbor, MI : ProQuest, 2015. Available via World Wide Web. Access may be limited to ProQuest affiliated libraries.
|
| 650 |
|
0 |
|a Energy industries
|x Risk management.
|
| 655 |
|
4 |
|a Electronic books.
|
| 700 |
1 |
|
|a Graeber, Bernhard.
|
| 700 |
1 |
|
|a Schindlmayr, Gero.
|
| 710 |
2 |
|
|a ProQuest (Firm)
|
| 830 |
|
0 |
|a Wiley finance series.
|
| 856 |
4 |
0 |
|u https://ebookcentral.proquest.com/lib/matrademy/detail.action?docID=470125
|z Click to View
|